000 00544nam a2200241 a 4500
001 nice12345678
003 IN_TiNIC
005 20260116011612.0
008 050524s0000 teha grp 000 0 eng
020 _a
_c100
082 0 0 _a226.9505
_bNUR
100 _aNur, Jahan
245 _aBina-E-Hisar.
260 _aTehran
_bNur-I-Jahan
_c0000
300 _ano page
500 _aincludes index and biblioraphy
505 2 _aIll
650 _aBible Stories
700 1 _aNur, Jahan
902 _bSRS
942 _cBK
999 _c2829
_d2829